000 00642nam a2200265Ia 4500
005 20260306164503.0
008 008 260114s9999 xx 000 0 eng d
020 _a9780199971374
037 _aEBOOK
040 _aCRL
040 _beng
040 _cCRL
041 _2eng
041 _aeng
084 _qCRL
100 _aRobert Batterman
_91130859
245 4 _aThe Oxford Handbook Of Philosophy Of Physics
260 _bOxford University Press
260 _c2013
650 _aPhilosophy
856 _uhttps://academic.oup.com/edited-volume/28318
942 _cEBOOK
999 _c1714258
_d1714258